Il Diario El Vampiro The vampaire diaries

Guardat en:
Dades bibliogràfiques
Autor principal: Lisa Jane Smith
Format: Llibre
Idioma:idioma desconegut
Publicat: Newton Compton Editore
Etiquetes: Afegir etiqueta
Sense etiquetes, Sigues el primer a etiquetar aquest registre!

MARC

LEADER 00000nam a2200000Ia 4500
001 R-2069
003 CODICE-MESSINA
005 20260212102526.0
008 260211s9999 xx 000 0 und d
040 |c importazione_messina 
100 |a Lisa Jane Smith 
245 0 |a Il Diario El Vampiro 
245 4 |b The vampaire diaries 
260 |b Newton Compton Editore 
942 |2 ddc  |c BK 
952 |0 0  |1 0  |2 ddc  |4 0  |6 SCAFFALE_15_000000000000000__STANZA_3__ROMANZI  |7 0  |9 32910  |a ME  |b ME  |d 2026-02-11  |l 0  |o SCAFFALE 15 - STANZA 3 - ROMANZI  |p R-2069  |r 2026-02-11 23:53:28  |w 2026-02-11  |x [REVISIONARE]  |y BK 
999 |c 28577  |d 28577